00509nam a2200193 a 4500001001300000003000900013005001700022008004100039020001000080082001300090100002700103245003900130260004300169300001000212500003500222505001000257650002100267700002700288nice12345678IN_TiNIC20260116012848.0050524s1981 luca grp 000 0 urd  ac10000a297bNAD aNadvi, Syed Abul Hasan aTabligh-O-Dawat Ka Mujazana Asloob aLucknowbMajlis Tahqiqat-E-Islamc1981 a152p. aincludes index and biblioraphy2 aIndex aIslam-Miscellany1 aNadvi, Syed Abul Hasan